01310cam a22003497a 4500999001700000001000900017003000400026005001700030008004100047010001700088020002200105020002500127035002400152040005100176042001400227050002100241082002500262100001700287245012300304246006400427260004900491300002600540490003300566504004100599630003800640630003600678710002900714800004800743906004500791942001200836952011200848 c10320d1032018214608OSt20210222153326.0130430s2007 tnu b 000 0 eng d a 2012532053 a1418509736 (pbk.) a9781418509736 (pbk.) a(OCoLC)ocn137289484 aPNXbengcPNXdBAKERdBTCTAdYDXCPdOCLCAdDLC alccopycat00aBS2715.53bL931C00a227/.7077223bL931C1 aLucado, Max.10aBooks of Colossians & Philemon :bthe difference Christ makes /cMax Lucado ; prepared by the Livingstone Corporation.3 aBooks of Colossians and Philemon : differences Christ makes a[Nashville, Tenn.] :bThomas Nelson,cc2007. avii, 119 p. ;c23 cm.0 aLife lessons with Max Lucado aIncludes bibliographical references.00aBible.pColossiansvCommentaries.00aBible.pPhilemonvCommentaries.2 aLivingstone Corporation.1 aLucado, Max.tLife lessons with Max Lucado. a7bcbcccopycatd2encipf20gy-gencatlg 2ddccBK 00102ddc40708NFICaHMCbHMCcGENd2021-02-23l0o227 L931Cp011910r2021-02-23 00:00:00w2021-02-23yBK